Weltpokals Sieger (Vereinsfußball) - Statistiken

Allgemein
  • Dieses Quiz wurde 41 mal gespielt
  • Das Durchschnittsergebnis liegt bei 19 aus 43
Antwortstatistiken
Edizione Vincitore % Korrekt
1976 FC Bayern München
100%
2001 FC Bayern München
100%
1960 Real Madrid
100%
1998 Real Madrid
100%
2002 Real Madrid
100%
1999 Manchester United
84%
1985 Juventus Turin
81%
1996 Juventus Turin
81%
1969 AC Mailand
76%
1989 AC Mailand
76%
1990 AC Mailand
76%
1964 Inter Mailand
76%
1965 Inter Mailand
76%
1972 Ajax Amsterdam
65%
1995 Ajax Amsterdam
65%
1987 FC Porto
57%
2004 FC Porto
57%
1977 Boca Juniors
46%
2000 Boca Juniors
46%
2003 Boca Juniors
46%
1997 Borussia Dortmund
43%
1991 Roter Stern Belgrad
38%
1986 River Plate
35%
1970 Feyenoord Rotterdam
27%
1981 Flamengo Rio de Janeiro
27%
1962 FC Santos
24%
1963 FC Santos
24%
1992 FC São Paulo
24%
1993 FC São Paulo
24%
1974 Atletico Madrid
19%
1983 Grêmio Porto Alegre
11%
1971 Nacional Montevideo
8%
1980 Nacional Montevideo
8%
1988 Nacional Montevideo
8%
1967 Racing Club de Avellaneda
8%
1994 CA Vélez Sarsfield
5%
1979 Club Olimpia
5%
1968 Estudiantes de La Plata
5%
1961 Peñarol Montevideo
5%
1966 Peñarol Montevideo
5%
1982 Peñarol Montevideo
5%
1973 CA Independiente
3%
1984 CA Independiente
3%
Keine übereinstimmenden Quizze gefunden
Verteilung der Resultate
Anzahl Personen mit jedem Resultat
Perzentil nach korrekt beantworteten Fragen
Ihre Resultats-Entwicklung
Sie haben dieses Quiz noch nicht gespielt